| 000 | 00964nam a2200253 a 4500 | ||
|---|---|---|---|
| 001 | BRL_1540 | ||
| 005 | 20190320211243.0 | ||
| 008 | 240214s1960----u--abeo###---#000-0#eng-# | ||
| 041 | _aeng | ||
| 044 | _au | ||
| 050 | 4 |
_aF1219 _b.E93 1960 |
|
| 245 | 1 | 0 | _aExcavations at chiapa de Corzo Chiapas, México |
| 260 |
_aProvo, Utah _bNew World Archeological Foundation, Brigham Young University _c1960 |
||
| 300 |
_a1 v. (en varias paginaciones) _bil., fotografías (blanco y negro), mapas, planos _c27 cm. _e+ 2 planos plegables |
||
| 440 | 0 |
_aPapers of the New World Archaeological Foundation _vno. 8-11 _927210 |
|
| 440 | 0 |
_aPublication _vno. 7 _927211 |
|
| 500 | _aAu1454 | ||
| 650 | 1 | 4 |
_aIndígenas de México _xAntigüedades _zChiapa de Corzo _927212 |
| 650 | 1 | 4 |
_aExcavaciones arqueologicas _zChiapa de Corzo _927213 |
| 651 | 4 |
_aChiapa de Corzo _xAntigüedades _927214 |
|
| 710 | 2 |
_aNew World Archaeological Foundation _927215 |
|
| 902 | _aGRL | ||
| 942 |
_2lcc _cB |
||
| 999 |
_c10349 _d10349 |
||